Дело относительно назначения аренды ректору Императорского Юрьевского университета А. Будиловичу и о предоставлении ему должност...

Доступно только в Электронных читальных залах Найти на картеНа карте
RUSMARC
00003819nmc2a2200000 x 450
001732ebb83-3d3c-4036-8f40-f3f01f0ea39e
00520171204174743.0
100##$a20160126l19001909k l0rusy0189 ca
1010#$arus
102##$aRU
2001#$aДело относительно назначения аренды ректору Императорского Юрьевского университета А. Будиловичу и о предоставлении ему должности члена совета Министерства народного просвещения
$j1 февраля 1900 г. - 20 июня 1909 г.
251##$cДело
300##$aДело
801#0$aRU
$bРГИА
$c20160126
$gRCR
801#1$aRU
$bГлавНИВЦ
$c20160126
$2rusmarc
801#2$aRU
$bПБ им. Б.Н. Ельцина
$c20171204
$gRCR
$2rusmarc
850##$aРГИА
852##$aРГИА
$eФедеральное казенное учреждение "Российский государственный исторический архив" (РГИА)
$j1622
937##$hРГИА
$d12190514
$aASBIBLIO_SCAN
462#0$100192199c64-6874-4077-9f66-5b288fbc0ba4
$12001
$aДела Инспекторского разряда Департамента народного просвещения за 1887-1901 гг.
$1251
$cОпись
$1852
$j122
461#0$1001a74412a3-3cc5-4d21-8f0a-dfe2fbd9e72d
$12001
$aДепартамент народного просвещения Министерства народного просвещения (1803-1917)
$1251
$cФонд
$1852
$j733
215##$a192 л.
$d36,5х26 см
371##$aДокумент не является опубликованным и широко распространяемым
105##$ay###
1222#$ad
035##$a732ebb83-3d3c-4036-8f40-f3f01f0ea39e
856##$uhttp://readingroom.main.prlib.ru/item.aspx?id_node=n110953143&mode=full
Формат отображения